LEADER 00827nam0-22002891i-450- 001 990006188840403321 005 19980601 035 $a000618884 035 $aFED01000618884 035 $a(Aleph)000618884FED01 035 $a000618884 100 $a19980601d1965----km-y0itay50------ba 105 $a--------00-yy 200 1 $aWhat Kind of Europe? The Community...$fMiriam Camps. 210 $aLondon,New York,Toronto$cOxford University Press ,$d1965 215 $aX,, 140 p.$d24 cm 225 1 $aChatham house essays$v8 676 $a323.352 700 1$aCamps,$bMiriam$0234667 801 0$aIT$bUNINA$gRICA$2UNIMARC 901 $aBK 912 $a990006188840403321 952 $aCOLLEZ. 293 (8)$b79268$fFGBC 959 $aFGBC 996 $aWhat Kind of Europe? The Community..$9646145 997 $aUNINA DB $aGIU01 LEADER 01684nam0-2200541---450- 001 990000090430203316 005 20090618095620.0 010 $a88-387-1753-2 035 $a0009043 035 $aUSA010009043 035 $a(ALEPH)000009043USA01 035 $a0009043 100 $a20000914d2000----|||y0itay0103----ba 101 0 $aita 102 $aIT 105 $a||||||||001yy 200 1 $a<> polizia mortuaria$eguida alla gestione funeraria e cimiteriale$fSereno Scolaro 210 $aSantarcangelo di Romagna$cMaggioli$dcopyr.2000 215 $a395 p.$d24 cm 225 2 $aProgetto ente locale 410 0$aProgetto ente locale 610 $aPolizia mortuaria Legislazione 676 $a344.45045 700 1$aSCOLARO,$bSereno$0280483 801 $aIT$bSALBC$gISBD 912 $a990000090430203316 951 $aXXIV.3.P 192 (IG XVI 292)$b25953 G.$cXXIV.3.P 192 (IG XVI)$d00004472 959 $aBK 979 $c20000914$lUSA01$h1741 979 $c20000919$lUSA01$h1048 979 $c20000919$lUSA01$h1521 979 $c20001019$lUSA01$h1056 979 $c20001019$lUSA01$h1454 979 $c20001019$lUSA01$h1501 979 $c20001019$lUSA01$h1539 979 $c20001024$lUSA01$h1515 979 $c20001027$lUSA01$h1519 979 $c20001027$lUSA01$h1524 979 $c20001110$lUSA01$h1710 979 $c20001124$lUSA01$h1208 979 $c20020403$lUSA01$h1616 979 $aPATRY$b90$c20040406$lUSA01$h1607 979 $aRSIAV2$b90$c20090618$lUSA01$h0956 979 $aCHIARA$b90$c20140625$lUSA01$h0913 979 $aCHIARA$b90$c20140625$lUSA01$h0914 996 $aPolizia mortuaria$9944579 997 $aUNISA bas $agiu